[Event "BAN-chT2"]
[Site "Dhaka"]
[Date "2017.10.27"]
[Round "6.4"]
[White "Shawon, Mostafa Prodhan"]
[Black "Ali, Kawsar"]
[Result "1/2-1/2"]
[WhiteElo "1728"]
[BlackElo "1726"]
[PlyCount "88"]
[EventDate "2017.10.22"]
[EventType "team-swiss"]
[EventRounds "7"]
[EventCountry "BAN"]
[SourceTitle "CBM 181 Extra"]
[Source "ChessBase"]
[SourceDate "2017.12.12"]
[SourceVersion "1"]
[SourceVersionDate "2017.12.12"]
[SourceQuality "1"]
[WhiteTeam "Uttara Central CC"]
[BlackTeam "Ganer Alo Pathagar"]
[WhiteTeamCountry "BAN"]
[BlackTeamCountry "BAN"]

1. e4 e6 2. d4 d5 3. Nc3 Bb4 4. Bd2 Bxc3 5. Bxc3 dxe4 6. Qg4 Qf6 7. d5 Qg6 8. Qxg6 hxg6 9. Bxg7 Rh7 10. Be5 exd5 11. Bxc7 Nc6 12. 0-0-0 Be6 13. Bb5 a6 14. Ba4 b5 15. Bb3 Nge7 16. Ne2 Rc8 17. Bd6 Rd8 18. Bc5 Bg4 19. Rd2 Bxe2 20. Rxe2 Ne5 21. f3 f5 22. h3 Nc4 23. Rd1 Nc6 24. a4 Kf7 25. fxe4 dxe4 26. Rxd8 Nxd8 27. Bxc4+ bxc4 28. Rd2 Ne6 29. Bb4 Rh8 30. Rd7+ Kg8 31. Rd6 Kf7 32. Rd7+ Kg8 33. Ra7 Nf4 34. Rxa6 Kf7 35. Ra7+ Ke6 36. a5 Nxg2 37. a6 Ne3 38. Re7+ Kd5 39. Rd7+ Kc6 40. Rd6+ Kb5 41. Bd2 Nf1 42. Rxg6 e3 43. Bc3 Rd8 44. a7 e2 1/2-1/2

[Event "BAN-chT2"]
[Site "Dhaka"]
[Date "2017.10.23"]
[Round "2.4"]
[White "Shawon, Mostafa Prodhan"]
[Black "Nasir, SAM"]
[Result "0-1"]
[WhiteElo "1728"]
[BlackElo "2048"]
[PlyCount "88"]
[EventDate "2017.10.22"]
[EventType "team-swiss"]
[EventRounds "7"]
[EventCountry "BAN"]
[SourceTitle "CBM 181 Extra"]
[Source "ChessBase"]
[SourceDate "2017.12.12"]
[SourceVersion "1"]
[SourceVersionDate "2017.12.12"]
[SourceQuality "1"]
[WhiteTeam "Uttara Central CC"]
[BlackTeam "Dhaka Knights"]
[WhiteTeamCountry "BAN"]
[BlackTeamCountry "BAN"]

1. e4 d6 2. Bc4 Nf6 3. d3 c6 4. Nc3 b5 5. Bb3 b4 6. Nce2 a5 7. c3 Bb7 8. Nf3 Qc7 9. Bf4 e5 10. Bg3 Be7 11. 0-0 0-0 12. Nd2 Nh5 13. d4 Nxg3 14. Nxg3 g6 15. Nc4 Nd7 16. Ne3 Nb6 17. a4 c5 18. Qf3 c4 19. Bd1 f5 20. d5 f4 21. Ngf5 fxe3 22. Nh6+ Kg7 23. Qxe3 Qd8 24. Ng4 Bg5 25. Qe2 Nd7 26. cxb4 axb4 27. Re1 Nc5 28. Qxc4 Ba6 29. Qc2 Bd3 30. Qxc5 dxc5 31. Nxe5 Ba6 32. b3 Qf6 33. Nf3 Qxa1 34. Nxg5 Qc3 35. Ne6+ Kh8 36. Re3 Qd2 37. h3 Qxf2+ 38. Kh2 Qxe3 39. Bf3 Rxf3 40. gxf3 Qf2+ 41. Kh1 Bf1 42. Nf4 Qxf3+ 43. Kh2 Qxf4+ 44. Kg1 Rf8 0-1